Città della Campania - Morte improvvisa - Statistics

Statistiche generali
  • Questo quiz è stato fatto 9.096 volte
    8.803 dall'ultimo reset
  • Il punteggio medio è 9 su 22
Answers on the Grid
Answers color-coded by a green-red scale on the quiz's grid according to % correct below.
Napoli
Caserta
Benevento
Salerno
Avellino
Battipaglia
Torre Annunziata
Torre del Greco
Eboli
Sorrento
Capua
Capaccio Paestum
Agropoli
Nola
Mondragone
Teano
Afragola
Acerra
Giugliano in Campania
Pontecagnano
Pompei
Nocera Inferiore
Carpi
Monopoli
Pontedera
Terni
Monfalcone
Barletta
Palermo
Sora
Empoli
Cosenza
Norcia
Terracina
Gaeta
Grottammare
Lanciano
Termoli
Aviano
Gioia Tauro
 
Statistiche sulle risposte
Risposta % Corretto
Napoli
61%
Caserta
56%
Pompei
56%
Salerno
55%
Avellino
52%
Benevento
52%
Sorrento
49%
Giugliano in Campania
47%
Torre Annunziata
47%
Afragola
45%
Torre del Greco
44%
Capaccio Paestum
37%
Battipaglia
35%
Acerra
34%
Capua
34%
Nocera Inferiore
32%
Nola
31%
Eboli
28%
Agropoli
26%
Mondragone
23%
Teano
19%
Pontecagnano
18%
Nessun quiz corrispondente trovato
Distribuzione punteggi
Percentuale di utenti per punteggio
Percentile per numero di risposta
I tuoi punteggi nel tempo
Non hai fatto questo quiz dall'ultimo reset